What are the 20 largest cities in France - Statistics

General Stats
  • This quiz has been taken 59 times
  • The average score is 13 of 20
Answer Stats
Hint Answer % Correct
1 Paris
100%
2 Marseille
98%
5 Nice
98%
3 Lyon
96%
9 Bordeaux
92%
10 Lille
88%
4 Toulouse
86%
8 Strasbourg
84%
6 Nantes
73%
7 Montpellier
63%
11 Rennes
61%
14 Le Havre
53%
16 Grenoble
49%
17 Dijon
47%
12 Reims
45%
19 Nîmes
37%
13 Saint-Étienne
37%
15 Toulon
37%
18 Angers
24%
20 Villeurbanne
16%
No matching quizzes found
Score Distribution
Percent of People with Each Score
Percentile by Number Answered
Your Score History
You have not taken this quiz